000 00597nam a2200205Ia 4500
003 GCL
008 140319s9999 xx 000 0 ara d
040 _aGCL /
_cGCL
082 0 4 _a896.6762
_bا ا
100 1 _aانجيل بطرس سمعان
245 1 0 _aالاشياء تتداعى (رواية فرنسية) /
_cانجيل بطرس سمعان
700 1 _aاتشيبى، سينوا
700 1 _aمرسى سعداللة
300 _a270 ص
490 _a
650 0 4 _aالادب
650 0 4 _aالادب الافريقى
650 0 4 _aالقصة المترجمة
942 _2ddc
_cBK
999 _c41132
_d41132